000 00836nam a22002297a 4500
999 _c15530
_d15530
003 MIRAKIL
005 20240301111500.0
008 240301b tu ||||| |||| 00| 0 tur d
020 _a9789751748768
040 _aTR-AnCHP
_cTR-AnCHP
041 _atur
082 _a958.7
_bÖ91 2021
090 _a958.7 Ö91 2021
245 1 0 _aÖzbekistan /
_ceditör: Prof. Dr. Salih Yılmaz
260 _aAnkara :
_bAtatürk Kültür, Dil ve Tarih Yüksek Kurumu Atatürk Araştırma Merkezi,
_c2021
300 _axxxvi, 409 sayfa ;
_c24 cm.
490 0 _aAtatürk Kültür, Dil ve Tarih Yüksek Kurumu Atatürk Araştırma Merkezi yayını ;
_vno: 504
504 _aKaynakça: 379-409. sayfa
651 0 _97635
_aÖzbekistan
856 _zDijital Nüshası için Partimizin Kütüphane Sorumlusu ile iletişime geçiniz.
942 _2ddc
_cBKS